000 00264nam a2200145Ia 4500
100 _aAnshuman/Karan
942 _cBK
366 _f25
245 _aKashmir Nama
260 _bJaico
_c2017
082 _bANS
300 _a365
546 _aENGLISH
999 _c31811
_d31811